| 000 | 00645nam a22002057a 4500 | ||
|---|---|---|---|
| 003 | 0 | ||
| 005 | 20160609164936.0 | ||
| 008 | 090427t xxu||||| |||| 00| 0 eng d | ||
| 020 | _a2-10-005520-8 | ||
| 037 | _a15044 | ||
| 040 |
_bFrançais _cEPAC |
||
| 082 | _a631.4/G518s | ||
| 100 |
_aGIRARD , Michel-Claude _9345 |
||
| 245 | _aSols et Environnements : Cours , exercices et études de cas | ||
| 260 |
_aParis _bDunod _c2005 |
||
| 300 |
_aXVI-816p _c24cm |
||
| 650 |
_aDEGRADATION POLLUTION RECYCLAGE ACIDIFICATION _9346 |
||
| 710 |
_aWALTER , Christian ; REMY , Jean-Claude ; BERTHELIN , Jacques ; MOREL , Jean-Louis _9347 |
||
| 942 | _cLIVR | ||
| 999 |
_c46062 _d46062 |
||